|
|
|
|
| LEADER |
00879nam a22002772a 4500 |
| 001 |
001694725 |
| 003 |
CZ BrMZK |
| 005 |
20190805144941.0 |
| 007 |
ta |
| 008 |
190716s1954 xr er|||||||||||cze d |
| 015 |
|
|
|a cnb000509892
|
| 035 |
|
|
|a (OCoLC)85315780
|
| 040 |
|
|
|a ABA001
|b cze
|c CBA001
|d ABA001
|d BOA001
|
| 100 |
1 |
|
|a Teltscherová, Lola,
|d 1921-2009
|7 jk01132192
|4 aut
|
| 245 |
1 |
0 |
|a Jarovisace obilovin /
|c Lola Teltscherová
|
| 250 |
|
|
|a 1. vyd.
|
| 260 |
|
|
|a Praha :
|b Orbis,
|c 1954
|
| 300 |
|
|
|a 17 s. ;
|c 8°
|
| 490 |
1 |
|
|a Edice přednášek pro osvětové besedy ;
|v sv. 118
|
| 500 |
|
|
|a 4200 výt.
|
| 504 |
|
|
|a Obsahuje bibliografii
|
| 830 |
|
0 |
|a Edice přednášek pro osvětové besedy (Orbis)
|0 s
|
| 910 |
|
|
|a BOA001
|b X-0320.915
|
| 990 |
|
|
|a BK
|
| 991 |
|
|
|b 201907
|
| 996 |
6 |
|
|b 2618802287
|c X-0320.915
|l MZK
|r Sklad / do 24 hodin
|n 0
|w 001735740
|u 000010
|a 1
|e BOA001
|j MZK50
|s P
|